English synonyms and antonyms: (Record no. 15034)

000 -LEADER
fixed length control field 00636nam a2200181 a 4500
001 - CONTROL NUMBER
control field :::00012872$&:&@@
003 - CONTROL NUMBER IDENTIFIER
control field OkBaRHE
005 - DATE AND TIME OF LATEST TRANSACTION
control field 20000607103423.0
008 - FIXED-LENGTH DATA ELEMENTS--GENERAL INFORMATION
fixed length control field s1914 j 000 0 eng u
040 ## - CATALOGING SOURCE
Transcribing agency
100 1# - MAIN ENTRY--PERSONAL NAME
Personal name Fernald, James Champlin, 1838-1918.
245 10 - TITLE STATEMENT
Title English synonyms and antonyms:
Remainder of title with notes on the correct use of prepositions.
260 ## - PUBLICATION, DISTRIBUTION, ETC. (IMPRINT)
Place of publication, distribution, etc New York, NY., :
Name of publisher, distributor, etc Funk & Wagnalls Company
Date of publication, distribution, etc c1914
300 ## - PHYSICAL DESCRIPTION
Extent 729 p. ;
Dimensions 19 cm.
650 ## - SUBJECT ADDED ENTRY--TOPICAL TERM
Topical term or geographic name as entry element English Language
General subdivision Synonyms and Antonyms
942 ## - ADDED ENTRY ELEMENTS (KOHA)
Source of classification or shelving scheme
Koha item type Books
Copies
Withdrawn status Permanent Location Lost status Koha item type Date last seen Full call number Shelving location Barcode Price effective from Date acquired Not for loan Damaged status Source of classification or shelving scheme Copy number
 RHEMA Bible Training College Books2010-04-14PE 1591 .F36General Stacks128722010-04-142010-04-14   1